Puthanputhuma: (Record no. 181873)

000 -LEADER
fixed length control field 00444nam a22001577a 4500
020 ## - INTERNATIONAL STANDARD BOOK NUMBER
ISBN 978-93-48132-37-6
082 ## - DEWEY DECIMAL CLASSIFICATION NUMBER
Classification number 190
Item number SAS/P
100 ## - MAIN ENTRY--AUTHOR NAME
Personal name Sasi K V
245 ## - TITLE STATEMENT
Title Puthanputhuma:
Sub Title sidhantham sishantheekaranam samoohyavimarsam/
Statement of responsibility, etc by Sasi K V.
260 ## - PUBLICATION, DISTRIBUTION, ETC. (IMPRINT)
Place of publication Kozhikode:
Name of publisher Pavanatma Publishers Pvt. Ltd.
Year of publication 2024.
300 ## - PHYSICAL DESCRIPTION
Number of Pages 174p.
650 ## - SUBJECT ADDED ENTRY--TOPICAL TERM
Topical Term Postcolonial Criticism
650 ## - SUBJECT ADDED ENTRY--TOPICAL TERM
Topical Term Western Philosophy
650 ## - SUBJECT ADDED ENTRY--TOPICAL TERM
Topical Term Philosophy
942 ## - ADDED ENTRY ELEMENTS (KOHA)
Koha item type Book
Holdings
Withdrawn status Lost status Damaged status Not for loan Permanent Location Current Location Shelving location Date acquired Cost, normal purchase price Full call number Accession Number Price effective from Koha item type
        Sree Sankaracharya University of Sanskrit Sree Sankaracharya University of Sanskrit Stacks 29.05.2026 350.00 M 190 SAS/P 108965 29.05.2026 Book